عرض عادي عرض مارك
  • McEwen, Ruth Ann,

مدخل إسم شخص

عدد التسجيلات المستخدمة في: 1

001 - رقم الضبط

  • حقل الضبط: 17836

003 - معرف رقم الضبط

  • حقل الضبط: OSt

005 - تاريخ ووقت أخر عملية

  • حقل الضبط: 20121130202329.0

008 - عناصر بيانات ثابتة الطول

  • حقل تحكم ثابت الطول: 121130|||a|||||| | ||| d

040 ## - مصدر الفهرسة

  • هيئة الفهرسة الأصلية: OSt
  • وكالة الكتابة: OSt

100 ## - مدخل -- أسم شخص

  • إسم شخص: McEwen, Ruth Ann,
  • تواريخ مرتبطة بالاسم: 1952-

670 ## - بيانات المصدر موجوده

  • الاستشهاد بالمصدر: Work cat.: (OSt)0: McEwen, Ruth Ann, 1952-, Transparency in financial reporting :, 2009.